Quy chuẩn xây dựng Việt Nam Buildiing code of Viet Nam - Volume III - issued in conjunction with decision 439/BXD - CSXD of the Minister of Construction dated 25 september 1997 :Ban kèm theo quyết định số 439/BXD - CSXD ngày 25 - 9 - 1997 của Bộ trưởng Bộ Xây dựng Tập III
Sách song ngữ Việt - Anh; KR018 Cấu tạo kiến trúc 02
Uloženo v:
| Hlavní autor: | |
|---|---|
| Médium: | Kniha |
| Jazyk: | Undetermined |
| Vydáno: |
H.
Xây dựng
2009
|
| Témata: | |
| On-line přístup: | http://lrc.tdmu.edu.vn/opac/search/detail.asp?aID=2&ID=19099 |
| Tagy: |
Přidat tag
Žádné tagy, Buďte první, kdo otaguje tento záznam!
|
| Thư viện lưu trữ: | Trung tâm Học liệu Trường Đại học Thủ Dầu Một |
|---|
| LEADER | 01013nam a2200229Ia 4500 | ||
|---|---|---|---|
| 001 | TDMU_19099 | ||
| 008 | 210410s9999 xx 000 0 und d | ||
| 082 | |a 624.02597 | ||
| 090 | |b B450 | ||
| 100 | |a Bộ Xây dựng | ||
| 245 | 0 | |a Quy chuẩn xây dựng Việt Nam | |
| 245 | 0 | |b Buildiing code of Viet Nam - Volume III - issued in conjunction with decision 439/BXD - CSXD of the Minister of Construction dated 25 september 1997 :Ban kèm theo quyết định số 439/BXD - CSXD ngày 25 - 9 - 1997 của Bộ trưởng Bộ Xây dựng | |
| 245 | 0 | |c Bộ Xây dựng | |
| 245 | 0 | |n Tập III | |
| 260 | |a H. | ||
| 260 | |b Xây dựng | ||
| 260 | |c 2009 | ||
| 300 | |a 239tr. | ||
| 520 | |a Sách song ngữ Việt - Anh; KR018 Cấu tạo kiến trúc 02 | ||
| 650 | |a Quy chuẩn xây dựng |z Việt Nam | ||
| 856 | |u http://lrc.tdmu.edu.vn/opac/search/detail.asp?aID=2&ID=19099 | ||
| 980 | |a Trung tâm Học liệu Trường Đại học Thủ Dầu Một | ||